A Guide to The Sky (Record no. 181487)
[ view plain ]
| 000 -LEADER | |
|---|---|
| fixed length control field | 00617 a2200169 4500 |
| 003 - CONTROL NUMBER IDENTIFIER | |
| control field | Nust |
| 005 - DATE AND TIME OF LATEST TRANSACTION | |
| control field | 20221125115434.0 |
| 040 ## - CATALOGING SOURCE | |
| Transcribing agency | Nust |
| 082 ## - DEWEY DECIMAL CLASSIFICATION NUMBER | |
| Classification number | 520,BEE |
| 100 ## - MAIN ENTRY--PERSONAL NAME | |
| Personal name | Beet,Ernest Agar |
| 9 (RLIN) | 103593 |
| 245 ## - TITLE STATEMENT | |
| Title | A Guide to The Sky |
| Remainder of title | A practical HandBook For Beginners / |
| Statement of responsibility, etc. | Ernest Agar Beet |
| 260 ## - PUBLICATION, DISTRIBUTION, ETC. | |
| Place of publication, distribution, etc. | Cambridge |
| Name of publisher, distributor, etc. | University Press |
| Date of publication, distribution, etc. | 1945. |
| 300 ## - PHYSICAL DESCRIPTION | |
| Extent | 95:p |
| 505 ## - FORMATTED CONTENTS NOTE | |
| Formatted contents note | Introduction Some Constellations (Page-1), More Constellations (Page-14), Wandering Stars (Page-31), With a Telescope (Page-46), With a Camera (Page-67), About Books (Page-76). |
| 650 ## - SUBJECT ADDED ENTRY--TOPICAL TERM | |
| Topical term or geographic name entry element | A Guid to Sky |
| 9 (RLIN) | 103594 |
| 942 ## - ADDED ENTRY ELEMENTS (KOHA) | |
| Source of classification or shelving scheme | |
| Koha item type | Book |
| Call number prefix | 520,BEE |
| Withdrawn status | Lost status | Source of classification or shelving scheme | Damaged status | Not for loan | Permanent Location | Current Location | Shelving location | Date acquired | Total Checkouts | Full call number | Barcode | Date last seen | Date last checked out | Price effective from | Koha item type | Public note |
|---|---|---|---|---|---|---|---|---|---|---|---|---|---|---|---|---|
| Military College of Signals (MCS) | Military College of Signals (MCS) | General Stacks | 12/12/2016 | 1 | 520,BEE | MCS29714 | 02/02/2026 | 01/19/2026 | 12/12/2016 | Book | Almirah No.15, Shelf No.1 |
